| 000 | 01104nam a2200289 i 4500 | ||
|---|---|---|---|
| 001 | 181470 | ||
| 003 | ES-MaACL | ||
| 005 | 20231017160838.0 | ||
| 008 | 130117s2010 sp | |||||||| | spa d | ||
| 020 | _a978-84-362-6101-1 | ||
| 080 | _a314.7(0:82) | ||
| 080 | _a821.134.2(85)-32"19/20"(082.2) | ||
| 245 | 0 | 0 |
_aI Concurso de Narración del Migrante Peruano en España : _bcuentos ganadores-- --y finalistas / _c[autores], Sergio Galarza Puente, Herbert Félix Bazán Aguirre, Doménico Chiappe Silva-Santisteban ... [et al.]. |
| 250 | _a1ª ed. | ||
| 260 |
_aMadrid : _bUniversidad Nacional de Educación a Distancia, _c2010. |
||
| 300 |
_a220 p. ; _c24 cm. |
||
| 490 | 1 | _aVaria / UNED | |
| 500 | _aEn el lomo: 363. | ||
| 650 | 4 |
_aEmigración e inmigración- _xCuentos. _9152097 |
|
| 650 | 4 |
_aCuentos peruanos- _ys.XX. _9152098 |
|
| 650 | 4 |
_aCuentos peruanos- _yS.XXI. _9152099 |
|
| 700 | 1 |
_aGalarza, Sergio, _d1976- _9152101 |
|
| 830 | 0 |
_aVaria / UNED _9224730 |
|
| 852 |
_aES-MaACL _jA-12547 _9188371 _bR.148723 _cDEPO1 _dOlim: N-5550 |
||
| 942 |
_2udc _cMONOGRAFIA |
||
| 999 |
_c181470 _d181470 |
||